[Event "AUS-ch"]
[Site "Melbourne"]
[Date "2014.01.03"]
[Round "2"]
[White "Brown, Andrew"]
[Black "Hu, Jason"]
[Result "1-0"]
[WhiteElo "2259"]
[BlackElo "2118"]
[PlyCount "185"]
[EventDate "2014.01.02"]
[EventType "swiss"]
[EventRounds "11"]
[EventCountry "AUS"]
[SourceTitle "CBM 158 Extra"]
[Source "ChessBase"]
[SourceDate "2014.02.28"]
[SourceVersion "1"]
[SourceVersionDate "2014.02.28"]
[SourceQuality "1"]

1. d4 c6 2. c4 d5 3. Nf3 Nf6 4. Nc3 e6 5. Bg5 Bb4 6. e3 Qa5 7. Bxf6 Bxc3+ 8. bxc3 Qxc3+ 9. Nd2 gxf6 10. cxd5 exd5 11. Be2 Bf5 12. 0-0 Nd7 13. Bf3 Qc2 14. Qe1 0-0 15. e4 Rfe8 16. Rc1 Qxa2 17. Qe3 dxe4 18. Bxe4 Bg6 19. Ra1 Qe6 20. Qg3 f5 21. Bf3 Nf6 22. h4 h5 23. Ra5 Rad8 24. Re5 Qd6 25. Nb3 Kg7 26. Rfe1 Qb8 27. Qg5 Ne4 28. R1xe4 fxe4 29. Bxh5 Qd6 30. Nc5 Qf6 31. Qg3 Rxe5 32. dxe5 Qe7 33. Nxe4 Rh8 34. Nf6 Qb4 35. Bxg6 fxg6 36. h5 Qb1+ 37. Kh2 Qf5 38. f4 a5 39. Qe3 a4 40. Qd4 a3 41. g4 Qe6 42. Qb4 a2 43. Qxb7+ Qf7 44. Qa6 gxh5 45. gxh5 Rxh5+ 46. Nxh5+ Qxh5+ 47. Kg3 Qg6+ 48. Kh4 Qb1 49. Qa3 Qh1+ 50. Kg3 Qg1+ 51. Kf3 a1Q 52. Qe7+ Kh8 53. Qf8+ Kh7 54. Qf7+ Kh6 55. Qf6+ Kh7 56. Qf7+ Qg7 57. Qh5+ Kg8 58. Qe8+ Qf8 59. Qg6+ Kh8 60. Qh5+ Kg7 61. Qg4+ Kf7 62. Qd7+ Qe7 63. Qf5+ Ke8 64. Qc8+ Qd8 65. Qe6+ Kf8 66. Qh6+ Ke7 67. Qf6+ Kd7 68. e6+ Kc7 69. Qxa1 Qd5+ 70. Kf2 Qd2+ 71. Kg3 Qe3+ 72. Kg4 Qxe6+ 73. f5 Qe4+ 74. Kg5 Qg2+ 75. Kf6 Qh3 76. Qa7+ Kd6 77. Qe7+ Kd5 78. Qe6+ Kc5 79. Ke7 Qh7+ 80. Qf7 Qh2 81. Kf8 Qh8+ 82. Ke7 Qe5+ 83. Qe6 Qg7+ 84. Ke8 Qh8+ 85. Kd7 Qd4+ 86. Kc8 Qh8+ 87. Kc7 Qg7+ 88. Qd7 Qe5+ 89. Kc8 Kb6 90. Qd8+ Kb5 91. f6 Qe6+ 92. Kc7 Qe5+ 93. Kb7 1-0

[Event "Doeberl Cup 50th"]
[Site "Canberra"]
[Date "2012.04.07"]
[Round "6"]
[White "Ikeda, Junta"]
[Black "Hu, Jason"]
[Result "1-0"]
[WhiteElo "2373"]
[BlackElo "2132"]
[PlyCount "59"]
[EventDate "2012.04.05"]
[EventType "swiss"]
[EventRounds "9"]
[EventCountry "AUS"]
[SourceTitle "CBM 147 Extra"]
[Source "ChessBase"]
[SourceDate "2012.04.24"]
[SourceVersion "1"]
[SourceVersionDate "2012.04.24"]
[SourceQuality "1"]

1. Nf3 d5 2. c4 e6 3. g3 Nf6 4. Bg2 c5 5. 0-0 Nc6 6. cxd5 Nxd5 7. d4 Qb6 8. e4 Nf6 9. d5 Nd4 10. Nc3 Bd7 11. dxe6 Nxf3+ 12. Qxf3 Qxe6 13. Nd5 Nxd5 14. exd5 Qf6 15. Re1+ Kd8 16. Qxf6+ gxf6 17. Bf4 Rc8 18. Rad1 Bg4 19. Rd2 Kd7 20. h3 Bf5 21. g4 Bg6 22. d6 Rb8 23. Bf1 a6 24. Re7+ Kc6 25. Rc7+ Kb6 26. b4 cxb4 27. Rd5 Ka7 28. Be3+ Ka8 29. Bxa6 Re8 30. Rxb7 1-0

[Event "Doeberl Cup 48th"]
[Site "Canberra"]
[Date "2010.04.03"]
[Round "7"]
[White "Hu, Jason"]
[Black "Matheson, Laurence"]
[Result "1/2-1/2"]
[WhiteElo "2192"]
[BlackElo "2080"]
[PlyCount "124"]
[EventDate "2010.04.01"]
[EventType "swiss"]
[EventRounds "9"]
[EventCountry "AUS"]
[SourceTitle "CBM 135 Extra"]
[Source "ChessBase"]
[SourceDate "2010.05.04"]
[SourceVersion "1"]
[SourceVersionDate "2010.05.04"]
[SourceQuality "1"]

1. c4 e5 2. Nc3 Bb4 3. Qb3 Nc6 4. e3 Nf6 5. a3 Bxc3 6. Qxc3 0-0 7. Nf3 Re8 8. d4 exd4 9. Nxd4 Ne4 10. Nxc6 dxc6 11. Qc2 Bf5 12. Qb3 Qf6 13. Be2 Bh3 14. 0-0 Qg6 15. Bf3 Re5 16. Qc2 Ng5 17. Qe2 Nxf3+ 18. Qxf3 Bxg2 19. Qxg2 Rg5 20. Qg3 Rxg3+ 21. hxg3 Rd8 22. b4 Qc2 23. e4 Rd1 24. Be3 Rxf1+ 25. Rxf1 Qxc4 26. Rd1 h6 27. Rd8+ Kh7 28. Rd7 a6 29. Rxc7 b5 30. e5 Qd5 31. Ra7 Qxe5 32. Rxa6 Qd5 33. Ra7 Kg6 34. Bc5 Kf5 35. Re7 h5 36. Re3 g5 37. Kh2 Kg6 38. Re7 Kf6 39. Re3 Kg6 40. Re7 h4 41. gxh4 gxh4 42. Re1 Kf5 43. Rg1 Qf3 44. Be3 Ke4 45. Rg8 Kd3 46. Rd8+ Kc3 47. Rg8 Kb3 48. Bc5 Kxa3 49. Rg1 Kb3 50. Rg8 Kc3 51. Rg1 Kd3 52. Rg8 Ke2 53. Rg1 Qf4+ 54. Kh1 Kf3 55. Rg8 f5 56. Rg1 Qe5 57. Rg6 f4 58. Kh2 Ke2 59. Rg1 f3+ 60. Kh3 Qf5+ 61. Rg4 Qb1 62. Kxh4 Qh7+ 1/2-1/2